Cuadro de mando integral, personal y corporativo (Total Performance Scorecard, TPS). Una revolución en la gestión por resultados.

Gespeichert in:
Bibliographische Detailangaben
1. Verfasser: Rampersad, Hubert K. (autor)
Weitere Verfasser: Leonard, Dorothy A. (prólogo), Iranzo, Juan (prólogo de la edición española), Molina, Adolfo (coordinación y adaptación de la traducción)
Format: Unbekannt
Sprache:Spanisch
Veröffentlicht: Madrid, España: McGraw-Hill, 2004.
Ausgabe:Primera edición en español.
Schlagworte:
Tags: Tag hinzufügen
Keine Tags, Fügen Sie den ersten Tag hinzu!

MARC

LEADER 00000 a2200000 4500
003 CL-VaPUC
005 20250415133245.0
008 250106e2004 ||||| |||| 00| 0 spa d
999 |c 446213  |d 446211 
020 |a 84-481-4065-6 
040 |c Pontificia Universidad Católica de Valparaíso 
082 |2 22  |a 658.4012 RAM 2004 
100 |a Rampersad, Hubert K.  |9 894659  |e autor 
245 |a Cuadro de mando integral, personal y corporativo (Total Performance Scorecard, TPS).  |b Una revolución en la gestión por resultados. 
250 |a Primera edición en español. 
260 |a Madrid, España:  |b McGraw-Hill,  |c 2004. 
300 |a 391 páginas:  |b gráficas. 
583 |k Cristina María Rojas Aguilar  |c 20250106 
650 0 |9 433832  |a Gestión de empresas  |x Rendimiento y cambio organizacional 
650 0 |9 259735  |a Planificación estratégica   |x Control de gestión 
650 0 |9 551836  |a Cuadro de Mando Integral (CMI)  |x Implementación  |v Estudios de casos 
700 |9 895062  |a Leonard, Dorothy A.  |e prólogo 
700 |9 895063  |a Iranzo, Juan  |e prólogo de la edición española 
700 |9 895064  |a Molina, Adolfo  |e coordinación y adaptación de la traducción 
942 |2 ddc  |c BK 
952 |0 0  |1 0  |2 ddc  |4 0  |6 658_401200000000000_RAM_2004  |7 0  |8 A  |9 598796  |a BIBENE  |b BIBENE  |d 2025-01-02  |e 2  |g 19436.00  |i 5663731  |l 2  |m 1  |o 658.4012 RAM 2004  |p 5663731  |q 2025-05-13  |r 2025-04-29  |s 2025-04-29  |t 1  |v 19436.00  |w 2025-01-02  |y BK  |k ICO